| 000 | 01080cam a2200313 a 4500 | ||
|---|---|---|---|
| 999 |
_c2010 _d2010 |
||
| 001 | 2010 | ||
| 003 | BD-JhCC | ||
| 005 | 20221212134022.0 | ||
| 008 | 981020t19981981nyu b a 001 0 eng d | ||
| 020 | _a0671027034 | ||
| 035 | _a(BD-JhCC)2010 | ||
| 040 |
_aABG _cABG _dVET _dBAKER _dMYG |
||
| 041 | _aeng | ||
| 050 | 0 | 4 | _aBF637.S8.C37 1998 |
| 082 | 0 | 4 |
_a158/.1 _221 _bCAR 1998 |
| 096 | _aBF 637.S8 C289 1998 | ||
| 100 | 1 |
_aCarnegie, Dale, _d1888-1955. |
|
| 245 | 1 | 0 |
_aHow to win friends & influence people / _cDale Carnegie ; editorial consultant, Dorothy Carnegie ; editorial assistance, Arthur R. Pell. |
| 246 | 3 | _aHow to win friends and influence people | |
| 250 | _aRev. ed. | ||
| 260 |
_aNew York : _bPocket Books, _c1998, c1981. |
||
| 300 |
_axxvii, 260 p. ; _c21 cm. |
||
| 500 | _aReprint. Originally published: New York : Simon & Schuster, 1981. | ||
| 504 | _aIncludes bibliographical references (p. 251-252) and index. | ||
| 650 | 0 | _aSuccess. | |
| 942 |
_2ddc _cBK _016 |
||
| 949 | 0 |
_4IP _ad _bDEW _cSTACK _o0 _p39080028571229 _x01 _hBF637.S8.C37 1998 |
|